Statistics for Life By The Sea by Tubbo Lyrics Quiz

Click here to take the quiz!

General Stats

  • This quiz has been taken 58 times
    (53 since last reset)
  • The average score is 368 of 531

Answer Stats

Answer% Correct
I
100%
My
100%
O'
100%
O
100%
A-
98%
A
98%
I'm
98%
Be
95%
Of
95%
The
95%
Dropped
93%
Found
93%
Honest,
93%
Honest
93%
If
93%
Out
93%
Gonna
90%
Know
90%
Myself
90%
New
90%
Whole
90%
An
88%
College,
88%
For
88%
Knowledge
88%
Life
88%
And
85%
Man,
85%
Oh,
85%
Oh
85%
In
83%
On
83%
Real
83%
Realm
83%
Sea,
83%
Sea
83%
By
80%
Do-
80%
Down
80%
To
80%
Car
78%
Forest,
78%
Is
78%
Simple
78%
You
78%
Drove
75%
First
75%
Gatherer
75%
Or
75%
Orange
75%
So
75%
That
75%
Time
75%
With
75%
World
75%
Among
73%
Checking
73%
Clouds
73%
End
73%
Feel
73%
Friends
73%
Hunters
73%
Lab
73%
Look,
73%
Parents'
73%
Rather
73%
Rhyme
73%
Sounds
73%
Tab,
73%
Very
73%
Bad
70%
Can
70%
Card
70%
Crashed
70%
Credit
70%
Get
70%
Getting
70%
Hard,
70%
I'd
70%
Like
70%
Living
70%
Loving
70%
Need
70%
Trending
70%
We
70%
Working
70%
Young
70%
At
68%
Chasing
68%
Ending
68%
Foraging
68%
Made
68%
Not
68%
About
65%
Analytics
65%
But
65%
Ears
65%
Forensic
65%
Gaze
65%
Hope
65%
Life's
65%
Off
65%
Teardrops,
65%
This
65%
Too
65%
Won't
65%
Between
63%
Day,
63%
Day
63%
It,
63%
It
63%
Little
63%
Lord,
63%
Space
63%
Brave
60%
Break
60%
Clout,
60%
Face
60%
It's
60%
Puttin'
60%
Scream
60%
Seas,
60%
Streaming
60%
Tough
60%
Breathe
58%
Comforts
58%
Deep
58%
Feels
58%
Our
58%
Some
58%
Stuff
58%
Take
58%
Try
58%
Uh
58%
We've
58%
When
58%
While
58%
All
55%
Away
55%
Bit
55%
Okay
55%
Rough
55%
Sometimes,
55%
Straight
55%
That's
55%
Full
53%
Games,
53%
Pain
53%
Playing
53%
Taking
53%
Teens
53%
Believe
50%
Breeze
50%
Just
50%
Mistakes
50%
Burn
48%
Coping
48%
Hearts
48%
Maybe
48%
Mightn't
48%
Steal
48%
Afloat
45%
Eggshells,
45%
Keep
45%
People
45%
Quite
45%
Watch
45%
Beneath
43%
Collar
43%
Evil
43%
Heat
43%
Joking
43%
Nails
43%
Never
43%
Though,
43%
Bed
40%
Dreading,
40%
Really
40%
Step
40%
Sweating,
40%
Tryna
40%
Wanna
40%
Whenever
40%
Wrong
40%
Aren't
38%
Don't
38%
Edge
38%
Making
38%
Most
38%
Turns
38%
Impaled
35%
Laying
35%
Treading
35%
You'll
35%
You're
35%
Else
33%
Guy,
33%
Me
33%
Bro
28%
Happy
28%
Through
28%
Tide
28%
Amplify,
25%
Can't
25%
Emotions
25%
Angry
23%
Brought
23%
Online
23%
Paddling
23%
British
20%
Let
20%
Note
20%
Pass
20%
Tradition
20%
Next
18%
Pacified,
18%
Satisfied
18%
Sing
18%
Appetites
15%
Every
15%
Everybody
15%
I'll
15%
Cause
13%
Complain
13%
Distracted
13%
Frazzled
13%
Mind
13%
Satellite
13%
Shouldn't
13%
Slow
13%
Were
13%
Yeah
13%
Acting
10%
Different
10%
Itty
10%
Low
10%
Things
10%
Transmissions,
10%
Twitching
10%
Wishing
10%
Chilling
8%
Many
8%
Screams
8%

Score Distribution

Percentile by Number Answered

Percent of People with Each Score

Your Score History

You have not taken this quiz since the last reset